000 00684nam a2200217Ii 4500
003 JO-AjNU
008 230605s9999||||xx |||||||||||||| ||und||
017 _a1730
020 _a978-977-422-222-9
040 _aJO-AjNU
_bara
_erda
_cJO-AjNU
041 _aara
050 1 4 _aHD30.22.2011
100 3 _aعبدالحميد،عبدالمطلب,
_eauthor
_932661
245 0 0 _aالاقتصاد الاداري(مدخل منهجي)
264 3 1 _aالاسكندرية:الدار الجامعية،2011
300 _a365ص
336 _atext
_btxt
_2rdacontent
337 _aunmediated
_bn
_2rdamedia
338 _avolume
_bnc
_2rdacarrier
650 4 _aالاقتصاد-ادارة
_932662
999 _aA13212
_c16780
_d16780